| 000 | 00539nam a22001697a 4500 | ||
|---|---|---|---|
| 999 |
_c15696 _d15696 |
||
| 003 | OSt | ||
| 008 | 190528b ||||| |||| 00| 0 eng d | ||
| 020 | _a9788126560479 | ||
| 082 |
_a664 _bBEI/PR |
||
| 245 | _aPreharvest and postharvest food safety: contemporary issues and future directions | ||
| 260 |
_aNew Delhi _b Blackwell Publishing and the Institute of Food Technologists _c2016 |
||
| 300 | _a455 p. | ||
| 700 |
_aBeier, Ross C. _94189 |
||
| 700 |
_aPillai, Suresh D. _94190 |
||
| 700 |
_aPhillips, Timothy D. _94191 |
||
| 942 | _cBK | ||